[Event "CHI-ch sf"]
[Site "Valparaiso"]
[Date "2015.01.28"]
[Round "4"]
[White "Espinoza Maldini, Angelo"]
[Black "Aguirre Saavedra, Javiera"]
[Result "1-0"]
[WhiteElo "1995"]
[BlackElo "1697"]
[PlyCount "115"]
[EventDate "2015.01.26"]
[EventType "swiss"]
[EventRounds "7"]
[EventCountry "CHI"]
[SourceTitle "CBM 164 Extra"]
[Source "ChessBase"]
[SourceDate "2015.03.02"]
[SourceVersion "1"]
[SourceVersionDate "2015.03.02"]
[SourceQuality "1"]

1. e4 e6 2. d4 d5 3. exd5 exd5 4. Nf3 Bd6 5. h3 Ne7 6. Nc3 Bf5 7. Be3 0-0 8. Be2 c6 9. 0-0 Nd7 10. Bg5 h6 11. Bh4 Qc7 12. g4 Bh7 13. Bd3 Bxd3 14. Qxd3 Ng6 15. Ne2 Rfe8 16. Bg3 Re6 17. Kh2 Nf6 18. Ne5 Nxe5 19. dxe5 Bxe5 20. f4 Bd6 21. Nd4 Re4 22. Qd2 Rae8 23. Rf2 Nh7 24. Nf5 Bc5 25. Rg2 Nf6 26. Rf1 Be3 27. Nxe3 Rxe3 28. Qd4 Qb6 29. Qxb6 axb6 30. Bf2 Re2 31. Bxb6 Nd7 32. Bc7 Nc5 33. Be5 Rxg2+ 34. Kxg2 Nd7 35. Bd6 Nb6 36. b3 Re6 37. Bc7 Nd7 38. Kf3 Nf6 39. Rc1 Ne4 40. Ba5 Re8 41. a4 Ra8 42. Be1 Rf8 43. h4 f5 44. g5 hxg5 45. fxg5 g6 46. Kf4 Kh7 47. a5 Re8 48. Ra1 Nc5 49. Kf3 Na6 50. b4 Re7 51. c3 Nc7 52. Bg3 Nb5 53. a6 bxa6 54. Rxa6 Re6 55. Ra8 Re7 56. Rc8 Re6 57. Bf2 Nxc3 58. Bd4 1-0